000
00219 a2200085 4500
020
_a
9780415514415
100
_a
Harry Timmermans(Editor)
245
_a
Decision Support Systems in Urban Planning
260
_b
Routledge
_c
2011
999
_c
13107
_d
13107